[Event "EU-Cup 14th final"]
[Site "Belgrade"]
[Date "1999.01.11"]
[Round "1"]
[White "Mikhalevski, Victor"]
[Black "Solozhenkin, Evgeniy"]
[Result "1-0"]
[WhiteElo "2528"]
[BlackElo "2545"]
[Annotator "Mikhalevski,V"]
[PlyCount "77"]
[EventDate "1999.01.11"]
[EventType "team-k.o."]
[EventRounds "3"]
[EventCountry "YUG"]
[SourceTitle "EXT 2020"]
[Source "ChessBase"]
[SourceDate "2019.10.17"]
[SourceVersion "1"]
[SourceVersionDate "2019.10.17"]
[SourceQuality "1"]
[WhiteTeam "Beer-Sheva Chess Club"]
[BlackTeam "St Petersburg"]
[WhiteTeamCountry "ISR"]
[BlackTeamCountry "RUS"]

1. d4 {Stohl} Nf6 2. c4 e6 3. g3 c5 4. d5 exd5 5. cxd5 d6 6. Nc3 g6 7. Bg2 Bg7
8. Nf3 O-O 9. O-O Na6 10. Nd2 Nc7 11. Nc4 Nfe8 12. Bf4 $1 {Full survey of this
line you can find in CBM64 (Mikhalevski,V-Sakaev,K Beer-Sheva-St. Petersburg,
1998) Stohl: 'A very direct and agressive approach, which aspires for the
direct refutation of the 9...Na6 line. '} (12. e4 {Stohl} b6 (12... b5 $142 $5
$13) 13. a4 Ba6 14. Qb3 Qd7 15. f4 Bxc4 16. Qxc4 a6 17. Qe2 Rb8 18. e5 b5 19.
axb5 axb5 20. Ra7 Kh8 21. Be3 dxe5 22. fxe5 b4 23. Na4 Bxe5 24. Bxc5 Bd6 25.
Bd4+ Kg8 26. Nb6 $36 {Pons,S-Suba,M/Cala Galdana/1994/}) ({The main
alternative is the quiet positional} 12. a4 {Stohl} b6 13. Qd2 $5 $14 {/\b3})
12... b5 (12... f5 {is another option.}) ({Apart from the logical text move
Black has tried to gain more influence in the [+] and prevent Ne4 by} 12... f5
{Stohl} 13. Qd2 $5 (13. a4 b6 (13... g5 14. Bd2 b6 15. Rc1 (15. Qc1 h6 16. e4
Ba6 17. b3 f4 18. gxf4 gxf4 19. f3 Qh4 20. Ra2 Bxc4 21. bxc4 Be5 22. Ne2 Ng7
23. Qe1 Qh5 24. Nc1 Rf6 25. Nd3 Kh7 26. a5 Rg8 27. Nxe5 dxe5 28. axb6 axb6 29.
Bc3 Nge8 $13 {Cosma,I-Suba,M/ROM-chT/1992/}) 15... h6 16. e4 Ba6 17. b3 Bxc4
18. bxc4 f4 19. f3 Be5 20. Ne2 Ng7 21. Bh3 Rf6 22. Kh1 Nh5 23. Bg4 Qe8 24. Qe1
Qf7 25. Bxh5 Qxh5 26. gxf4 gxf4 27. Qf2 Kh7 28. Rg1 $14 {><f4,<->g,Cosma,
I-Ionescu,C/ROM-chT/1992/}) 14. Rc1 Ba6 15. b3 b5 16. axb5 Nxb5 17. Nxb5 Bxb5
18. e4 fxe4 19. Bxe4 a5 20. Re1 a4 21. bxa4 Rxa4 22. Bd3 Bd4 23. Re2 Ng7 24.
Be3 Bxc4 25. Bxc4 Bxe3 26. Rxe3 Qf6 $132 {Kaidanov,G-Shabalov,A/USA-ch
Parsippany/ 1996/}) 13... b5 14. Na5 b4 15. Na4 Nb5 16. Nc6 Qd7 17. Rac1 $1 Nf6
18. Qd3 $1 (18. Rxc5 dxc5 19. Nxc5 Qe8 20. Qxb4 a6 21. d6 Ne4 22. Nxe4 fxe4 23.
Bxe4 Kh8 24. Ne7 Bd7 25. Be3 (25. Rd1 $1 $14) 25... a5 26. Qd2 Ra6 27. Bc5 Rf6
28. Bxg6 hxg6 29. Qg5 Rf5 30. Nxf5 Bxf5 31. Qe7 Nxd6 32. Bxd6 Qxe7 33. Bxe7 Re6
34. Bd8 Rxe2 35. Bxa5 Rxb2 36. Rc1 Bh3 $138 {0-1,Mikhalevski,V-Sakaev,K/
Beersheva/1998/}) 18... Qb7 19. a3 $36 {as suggested by Mikhalevski, gives
White a dangerous initiative, he can sacrifice on c5 with greater effect later
on.}) ({A possible, albeit risky (׻) improvement for Black might be} 12... g5
$5 {Stohl} 13. Bd2 f5 14. Qc1 h6 15. e4 $6 (15. a4 $142 {-12...f5 13.a4}) 15...
b5 16. Ne3 (16. Na5 b4 17. Nd1 fxe4 18. Bxe4 Nf6 $15 {><d5}) 16... f4 17. Nf5
Bxf5 18. exf5 Rxf5 19. gxf4 gxf4 20. Bxf4 Qf6 $36) 13. Na5 b4 (13... Bd7 $2 {
loses a pawn after} 14. Nb7 Qe7 15. Nxc5 $1 b4 16. Nxd7 Qxd7 17. Qa4 $1 $16 {
1-0 Mikhalevski,V-Anastasian,A/Erevan 1997 (47)}) 14. Ne4 (14. Nc6 {Stohl} Qd7
15. Na4 Ba6 $1 $36 {/\} 16. Nxc5 $2 dxc5 17. d6 Ne6 $1 18. Ne7+ Kh8 19. Bxa8
Nxf4 20. gxf4 Nxd6 $19) 14... Nb5 $146 {Looks natural,but falls to unexpected
White's idea.} ({In two preceding games Black tried:} 14... Ba6 15. Nc6 Qd7 16.
Qd2 Bb5 17. a4 $1 bxa3 18. Rxa3 Bc4 (18... Nxd5 19. Nxc5 $1 dxc5 (19... Qxc6 $2
20. Bxd5 Qxc5 21. Bxa8) 20. Qxd5 Qxd5 (20... Qxc6 $2 21. Qb3 $1) 21. Bxd5 (21.
Ne7+ $5 Kh8 22. Bxd5) 21... Bxc6 22. Bxc6 $16) 19. Nc3 a6 $2 (19... Nb5 $142)
20. Na4 $1 $18 Nb5 21. Re3 Qb7 22. b3 Na3 23. Qa2 {1-0 Kinsman,A-Schulte,O/
London 1985/MCL (23)}) ({and} 14... Bxb2 $5 {The critical move which leads to
the big complications.} 15. Nc6 (15. Nxc5 $5 Bxa1 16. Nc6 Qf6 17. Ne4 $36)
15... Qd7 16. Rb1 {'!?' Stohl.} (16. Nxc5 $5 {Stohl} dxc5 17. d6 $36 {/\} Bxa1
18. Qxa1 Nxd6 19. Qf6 $1 Re8 $8 20. Bxd6 Qe6 21. Ne7+ Rxe7 22. Qxe7 Qxe7 23.
Bxe7 Rb8 24. Bd6 $16) 16... Bg7 17. Nxc5 dxc5 18. d6 Ne6 19. Ne7+ Kh8 20. Bc6 (
20. Bxa8 $5) (20. Bxa8 Nxf4 21. Nxc8 Nh3+ 22. Kg2 Qxc8 23. Bf3 Qd7 $19) 20...
Qd8 21. Bxa8 Nxf4 22. gxf4 Bh3 23. Bg2 Bxg2 24. Kxg2 Nxd6 $44 {1/2-1/2 Alburt,
L-Gurevich,D/New York 1986/EXT 97 (43) '=/+'}) 15. Nc6 Qd7 16. a3 $3 {[%mdl
544] '!' Stohl.  The point of White's play. I was very happy to find this idea
during the game. White opens the position and obtains a positional advantage
as all his pieces are much more active than of his opponents.  Stohl: 'White
sacrifices an exchange to break up Black's << pawn chain. His pieces are very
active and he will have more than sufficient compensation.'} bxa3 (16... Bxb2 {
Stohl} 17. axb4 cxb4 (17... Bxa1 18. Qxa1 {/\Bh6,bc5+/-}) 18. Rb1 Nc3 19. Nxc3
Bxc3 $142 (19... bxc3 20. Qd4 $5 $16 (20. Bc1 $36)) 20. Nxb4 a5 21. Nc6 a4 $14)
17. bxa3 Nf6 {Accepting of an exchange looks at least dangerous. Black's king
remains alone and White gets more than enough compensation.} 18. a4 $1 (18.
Nxf6+ $5 Bxf6 19. a4 $1 Nd4 $1 {[%cal Gc8a6]} (19... Bxa1 20. Qxa1 Nd4 21. Nxd4
cxd4 22. Qxd4 $44) (19... Nc3 20. Qd3 $1 (20. Qc2 Ba6) 20... a5 (20... Re8 21.
e4 $1 {[%cal Ge4e5,Gf4d2]}) 21. Bd2 $1 {During the game I didn't see this
brilliant idea and decided to go for 18.a4! and I think I was right as Black
can meet 19.a4 with 19...Nd4. The position in the game looks stronger.} Ba6 22.
Bxc3 $1 Bxd3 23. Bxf6 {[%cal Gc6e7,Ge2d3]} Rfe8 (23... Bxe2 24. Ne7+ Qxe7 25.
Bxe7 Bxf1 26. Kxf1 $18 (26. Bxf8 $2 Bxg2 $11)) 24. exd3 $16) 20. e3 Nf5 21. Rc1
$14) 18... Nxe4 19. axb5 $1 {Now the position of knight on c6 is even more
reliable, the a-file is open for White's pieces, the a7-pawn requires
permanent control. The only compensation is an extra exchange which is
absolutely not essential in the current circumstances.} ({Certainly not} 19.
Bxe4 $2 Nc3) 19... Re8 $1 {This is better than the immediate 19...B:a1. Black
is threatening 20...Nc3 and White has to leave his rook on a1 for one more
move.} 20. Qd3 $1 {Stohl: 'White finally forces his opponent to accept the
sacrifice.'} (20. Bxe4 {Stohl} Rxe4 $1 $13) 20... Bxa1 {If Black doesn't
accept the sacrifice now the question "What is he suffering for?" can be asked.
} (20... f5 {Stohl} 21. Ra3 $16) 21. Rxa1 f5 $8 {Otherwise White's pawns come
to the motion.} 22. f3 Nf6 23. Bc1 $1 {[%cal Gc1b2] Stohl: '׻,Kg8' Another
strong idea. White's bishop is not useful on f4 and he brings it to the big
diagonal using the fact that its colleage has gone.} Bb7 24. Bb2 Rf8 25. f4 $1
{[%cal Gg2f3,Gh2h3,Gg3g4,Gg4g5] '(.)' Stohl. White opens his bishop and
preparing an attack on king side by Bf3, Kg2, h3 and finally g4. It's very
difficult for Black to oppose something to this plan. I think he should find a
moment to take on c6.} (25. e4 $5 {but I wanted to open my g2 bishop to
support its friend on b2.}) 25... h5 {[%csl Rg6] Black is trying to prevent g4,
but in fact he is weakening the king side even more. Stohl: 'Black has
practically no useful moves. The Ra8 must protect קa7, the Q can't stray too
far from the >>, Nf6 must cover the terribly weakened /^ a1-h8. White has
enough time to prepare a >> attack and dismember Black's compromised posirtion.
'} 26. h3 Kh7 (26... Bxc6 {Stohl} 27. dxc6 Qc7 (27... Qe6 28. c7 $18) 28. g4 $1
$18 {->}) 27. Bf3 Rf7 28. Kg2 {[%cal Gg3g4]} Qc8 29. g4 $6 {[%mdl 8192] I saw
that my opponent was very short of time and I played this move without
checking the capture on g4 properly. After a long analyse it becomes clear
that White doesn't have a straight attack and has to be very resourceful to
continue the fight.} (29. Rh1 $5 {preparing g4.} a6 30. b6 $1 {[%cal Gg3g4]} (
30. g4 $5)) 29... a6 $2 {[%mdl 8192] Too slow. Despite I can't say that Black
is winning after the capture on g4 he should play it.} ({Here are the
examplary variations.} 29... fxg4 30. hxg4 Nxg4 (30... hxg4 $2 31. Be4 $1 (31.
Rh1+ {Stohl} Kg7 32. Be4 $40) 31... Nxe4 $140 $4 32. Rh1+ Kg8 33. Rh8#) 31. Be4
(31. Rh1 $5 Kh6 (31... Qf5 32. Be4 Ne3+ 33. Qxe3 Qg4+ (33... Re8 $2 34. Bxf5
Rxe3 35. Rxh5+ Kg8 36. Rh8#) 34. Kf2 Rxf4+ (34... Qxf4+ $2 35. Qxf4 Rxf4+ 36.
Ke3 $18 {[%cal Gh1h5]}) 35. Bf3 {'+-' Stohl. Stohl: '/+/-'} Raf8 36. Ke1 $13) (
31... Rxf4 {Stohl} 32. Rxh5+ Nh6 33. Bc1 Qf8 34. Ne7 $1 $18) 32. Bc1 $5 {
see 31.Be4}) 31... Qg8 $1 (31... c4 32. Bxg6+ Kh6 33. Qe4 Nf6 $1 (33... Qe8 34.
Qxe8 Rxe8 35. Bxf7 Rxe2+ $11) 34. Qe6 Qxe6 35. dxe6 Rc7 (35... Kxg6 36. f5+ $1
$44) 36. f5 a6 37. Bxf6 axb5 38. Rg1 $132 {[%csl Rh6][%cal Gg2f2]}) 32. Rh1 $1
Kh6 $1 {Black has to be very careful as all White's pieces take part in the
attack.} (32... Nf6 $2 33. Ne7 $1 Rxe7 34. Bxf6 Rxe4 35. Qxe4 Kh6 (35... Bxd5
$4 36. Rxh5#) (35... Qxd5 $2 36. Rxh5+ $1 Qxh5 37. Qxb7+) 36. Qe7 Qxd5+ 37. Kf2
Qg2+ 38. Ke3 Qg3+ 39. Kd2 Qxf4+ 40. e3 Qb4+ 41. Kc1 Qc4+ 42. Kd2 Qa2+ 43. Kc1
$11) 33. Bf3 $1 (33. f5 gxf5 34. Bc1+ Ne3+ 35. Kh2 f4 36. Rg1 Ng4+ $19) (33.
Qf3 $2 Qe8 $1 34. Bxg6 Kxg6 35. Rxh5 Rxf4 $1 36. Qxf4 Kxh5 37. Qf5+ Kh4 $19)
33... Qc8 $5 (33... Rxf4 $2 34. Bc1 {[%cal Gf3g4]} g5 35. Ne7 $1 Qf7 36. Bxf4
Qxe7 (36... gxf4 37. Bxg4 $18) (36... Qxf4 37. Qg6#) 37. Bxg4 Kg7 38. Rxh5 $18)
(33... Nf6 34. e4 $1 $36 g5 $140 $4 35. Bxf6 $1 gxf4+ 36. Kf1 Rxf6 37. Rxh5+
Kg7 38. Rg5+ Rg6 39. Rxg6+ Kxg6 40. Ne7+ $18) (33... Bc8 34. Bc1 $36 {[%cal
Ge2e4]}) 34. Bc1 $1 Kg7 (34... Nf6 35. f5+ Kg7 36. fxg6 Rf8 37. Qe3 $40) 35.
Bb2+ (35. e4 $5 $40) 35... Kh6 (35... Nf6 36. e4 $40) 36. Bc1 $11) 30. gxh5
Nxh5 $2 {[%mdl 8192] After this careless move White wins by force.} (30... gxh5
{was necessary.} 31. b6 $5 $40 {[%cal Gg2h2,Ga1g1]} (31. Kh2 axb5 32. Rg1)) 31.
Bxh5 gxh5 32. Qf3 $18 Kh6 (32... Qg8+ 33. Kh2 Qg6 34. Rg1 Qh6 35. Rg5 $18) 33.
Kh2 $6 {[%cal Ga1g1] Probably White is still winning, but 33.Kf2 was much
stronger.} ({After} 33. Kf2 $1 {[%csl Ge2] the e2-pawn is defended and Black
has no counterplay along the e-file.} Qe8 34. Rg1 {[%cal Gf3g3]} Rc7 (34...
Bxc6 35. dxc6 $1 $18 {[%cal Gf3g3,Gb5b6]}) 35. Qg3 Qf7 36. Qg5+ Kh7 37. Bf6 $1
(37. b6 $5) 37... Rg8 (37... Bc8 38. Nd8 $1 Qe8 39. Bg7 $1 {[%cal Gg5h6]}))
33... axb5 $2 {[%mdl 8192] Now the limit of mistake is exhausted and White
wins.} (33... Rf8 $2 34. Rg1 Rg8 35. Rg5 $1 Qe8 (35... Rxg5 36. fxg5+ Kxg5 (
36... Kg6 37. Ne7+) 37. Qg3+) 36. Ne7 $1 {[%cal Ge7f5,Ge7g8]} Rf8 37. Qg3 $1
Qxe7 38. Rg6+ Kh7 39. Rg7+) (33... Qe8 $1 {[]} 34. Rg1 Bxc6 $1 (34... Rc7 35.
Qg3 Qf7 36. Qg5+ Kh7 37. Bf6 $1 Bc8 38. b6 $1 Rb7 39. Nd8 Qe8 40. Nxb7) 35.
dxc6 (35. Qg2 Qg8 36. Qxg8 Rxg8 37. Rxg8 Bxb5 $15) 35... Re7 {That's why 33.
Kf2 was better.} 36. Rg2 $1 axb5 (36... Re3 37. Qf2 $3 {[%cal Gf2h4,Gb5b6]}
axb5 38. Qh4 Qf7 39. Qg5+ Kh7 40. Bf6 $1) 37. Qg3 Kh7 38. Qg5 Raa7 (38... Qf7
39. Bf6 $1) 39. Qxf5+ Kh6 40. e4 $1 $40) 34. Rg1 {[%cal Gg1g5,Gf3g3] Black is
defenceless.} Qg8 $6 (34... Rc7 $8 35. Qg3 $140 Qg8 36. Qxg8 Rxg8 37. Rxg8 Bxc6
38. dxc6 Rxc6 {was the very last chance.}) 35. Rg5 $1 Qxg5 36. fxg5+ Kxg5 ({or
} 36... Kg6 37. Qf4) 37. Qg3+ Kh6 38. Qxd6+ (38. Ne7 $1 {wins even faster.})
38... Kh7 39. Nd8 $1 {An interesting game with a big ammount of mistakes on
its final stage.} 1-0

[Event "EU-Cup 30th"]
[Site "Bilbao"]
[Date "2014.09.16"]
[Round "3.3"]
[White "Postny, Evgeny"]
[Black "Leko, Peter"]
[Result "1/2-1/2"]
[WhiteElo "2641"]
[BlackElo "2734"]
[Annotator "Postny,E"]
[PlyCount "106"]
[EventDate "2014.09.14"]
[EventType "team-swiss"]
[EventRounds "7"]
[EventCountry "ESP"]
[SourceTitle "CBM 163"]
[Source "ChessBase"]
[SourceDate "2014.11.11"]
[SourceVersion "1"]
[SourceVersionDate "2014.11.11"]
[SourceQuality "1"]
[WhiteTeam "Beer Sheva"]
[BlackTeam "Malachite Sverdlovsk Region"]
[WhiteTeamCountry "ISR"]
[BlackTeamCountry "RUS"]

1. d4 Nf6 2. c4 e6 3. g3 c5 {Normally Peter goes for solid lines in the
Catalan. The Benoni is a far more risky opening, but offers chances to play
for a win as Black.} 4. d5 exd5 5. cxd5 d6 6. Nc3 g6 7. Bg2 Bg7 8. Nf3 O-O 9.
O-O Re8 10. Bf4 {An ambitious move, eyeing up the Pd6. The main alternative is
10.Nd2, transferring the knight to c4.} Ne4 {The most forcing line.} (10... a6
11. a4 Ne4 {is another version of this idea, but here Black won't be able to
develop the knight to a6.}) 11. Nxe4 Rxe4 12. Nd2 Rxf4 $1 (12... Rb4 13. a3
Rxf4 14. gxf4 Bxb2 {is also possible, but the move a2-a3 may prove useful,
covering the b4-square.}) 13. gxf4 Bxb2 14. Rb1 Bg7 {So, Black has a pawn for
the exchange and a pair of strong bishops. In the far future Black hopes to
benefit from his pawn majority on the queenside.} 15. Nc4 (15. e4 Nd7 16. Re1 (
16. Qf3 b5 17. Rfe1 Ba6 $2 {The most unfortunate way to defend the pawn.
Instead, 17...a6 or 17...Rb8 is playable.} 18. Qa3 $1 Bc8 19. Rxb5 Bh6 20. Qg3
Ba6 21. Rb3 $16 {1-0 (48) Eljanov,P (2723)-Sjugirov,S (2653) Yerevan 2014})
16... Bh6 17. e5 $5 Bxf4 18. e6 Ne5 19. Re4 $1 Qf6 20. e7 Bg4 21. Qa4 Bxd2 22.
e8=Q+ Rxe8 23. Qxe8+ Kg7 24. Rxb7 c4 $13 {1/2-1/2 (32) Ding,L (2742)-Bacrot,E 
(2720) Tromsoe 2014}) (15. Re1 Na6 (15... Bh6 16. e3 Na6 17. Nc4 Rb8 18. Qd2 b6
19. Rb3 Qf6 20. Qb2 Qxb2 21. Rxb2 $14 {1/2-1/2 (103) Gretarsson,H (2509)-Yu,Y 
(2688) Reykjavik 2013}) 16. e3 Nc7 17. a4 b6 18. Qb3 Qf6 19. Ne4 Qe7 20. Nd2
$11 {1/2-1/2 (55) Tomashevsky,E (2733)-Yu,Y (2656) St Petersburg 2012}) 15...
Na6 {Peter had played quickly so far, clearly hinting that he knew the line
better than I did.} 16. Qb3 $5 $146 {This was my invention over the board. The
third rank seems to be the best for White's queen.} (16. e4 Rb8 17. Qa4 (17. a4
Nb4 18. Qf3 b6 19. Rbc1 Ba6 20. Rfe1 Na2 21. Rc2 Nb4 22. Rcc1 $11 {1/2-1/2 (24)
Lagno,K (2543)-Hou,Y (2618) Khanty-Mansiysk 2014}) 17... Bd7 18. Qa3 Nb4 19.
Nxd6 Qf6 20. Nc4 Qxf4 21. Qxa7 b5 22. d6 Rf8 23. Ne3 Be5 24. Rfd1 Qxh2+ 25. Kf1
Bh3 26. Qxc5 Nxa2 27. Rb3 Bxg2+ 28. Nxg2 Bxd6 29. Qxd6 Qh1+ 30. Ke2 Qxg2 $132 {
1/2-1/2 (56) Wang,Y (2691)-Bologan,V (2712) Poikovsky 2012}) 16... Rb8 17. a4
Nb4 18. e4 {Strategically Black's position is preferable. If manages to
complete the development smoothly, he will be in the driving seat. As long as
White doesn't have open files, the extra exchange has no significance.
Therefore I decided to rush forward without any delay.} (18. Qg3 {was another
option, pressing Pd6 on the spot.} Qe7 (18... b6 19. f5 Bxf5 20. e4 Bd7 21.
Nxd6 Bxa4 22. e5) 19. e4 b6 20. e5 dxe5 21. fxe5 Ba6 22. e6 {[%csl Rb8]} Rf8
23. exf7+ Qxf7 24. Nd6 Qf6 25. Nb5 {In both cases the position is very
difficult to estimate. All three results are possible.}) 18... b6 19. e5 (19.
Rfe1 $6 Bh6 20. e5 (20. Qg3 Nc2 $15 {The knight will occupy an excellent
d4-outpost.}) 20... Bf5 21. Be4 Bxf4 22. Bxf5 Qg5+ 23. Kf1 Qxf5 24. Nxd6 Qh5 {
This is probably unclear as well, but I would be worried here as White since
the king is highly vulnerable.}) 19... dxe5 20. fxe5 ({An engine gives the
preference to} 20. Nxe5 {, but the human eye just can't handle how White's
structure looks after that.}) 20... Bf5 21. Rbe1 $1 Bd3 {After the game we
both thought that 21...Nd3 was better, but concrete variations confirm that
White's central pawns are strong enough to maintain the balance. Simply, White
shouldn't try to save the extra exchange, but play for the initiative.} (21...
Nd3 22. e6 $1 (22. Re3 $6 Nf4 23. Qd1 Qh4 24. Nd6 Bg4 25. Qb3 Qg5 26. h4 $5
Qxh4 27. Rfe1 Rf8 $1 $17 (27... Qg5 $6 28. Nxf7 $1 Kxf7 29. e6+ Kg8 30. e7 Re8
31. d6+ Be6 32. Qxe6+ $1 Nxe6 33. Rxe6 Qd2 34. Bc6 Bd4 35. R6e2 {and Black
doesn't have more than a perpetual check.})) 22... Nxe1 23. Rxe1 (23. exf7+ $6
Kxf7 24. Rxe1 Bf6 $17 {[%cal Gf7g7]}) 23... fxe6 24. dxe6 Qe7 25. Na5 $5 ({
Also after} 25. Ne3 {[%cal Ge3d5] White has good compensation for the pawn.})
25... Bc2 26. Qg3 Re8 27. Nc6 Qf6 28. e7 $44) (21... Qh4 $6 22. e6 fxe6 23.
dxe6 Bc2 24. Qg3 Qxg3 25. fxg3 $14) 22. f4 (22. e6 $2 fxe6 23. dxe6 Qe7 {
here it's bad for White as his knight can't get to d5 or c6, therefore the
passed pawn won't get enough support.}) 22... Bxf1 23. Rxf1 {Now White is
slightly behind in material, but the wonderful centre and well placed pieces
compensate for it.} Qd7 ({It makes sense to activate black's queenside
majority:} 23... a6 {Perhaps Leko was concerned about} 24. a5 $5 bxa5 (24... b5
$6 25. Nb6 $14) 25. d6 {Here Black's structure is ruined, but he gets the open
b-file and sufficient activity after} Nc6 26. Qa3 Rb4 $132 {[%cal Gc6d4]}) 24.
d6 Qf5 25. Ne3 Qe6 26. Nd5 Kh8 (26... g5 $2 {loses by force after} 27. f5 $1 {
but, the lines are truly spectacular.} Qxe5 28. Ne7+ Kf8 (28... Kh8 29. f6 $1
Bxf6 30. Qxf7 Bg7 31. d7 $1 Qd4+ 32. Kh1 Qxd7 33. Ng6+ $18 {[%csl Rd7]}) {
[%tqu "En","White is two pawns down. What can he do?","","","e7g6","",10]} 29.
Ng6+ $1 hxg6 30. fxg6 c4 (30... Kg8 31. Rxf7 c4 32. Qh3 $18) 31. Rxf7+ Kg8 32.
Qh3 Qe1+ 33. Rf1 Qh4 34. Qe6+ Kh8 35. d7 $18) 27. Qf3 Nxd5 (27... g5 $2 {
was bad again.} 28. Nc7 Qf5 29. Qe4 Qxe4 30. Bxe4 gxf4 31. e6 $1 {crushing
through.}) 28. Qxd5 Kg8 $6 (28... Qf5 {White's king is more vulnerable, so
Black should try to keep the queens on the board.}) 29. Rd1 $6 {Neither of us
yet realised that Black should avoid the exchange of queens.} (29. Qxe6 $142
fxe6 30. Kf2 {An endgame like this arose in the game later.}) 29... Rd8 $6 {
This is too passive and allows me to swap queens in a favourable version.} ({
Black could have developed his own counterplay on the queenside by} 29... Bh6
30. Rf1 a6 {For example:} 31. a5 bxa5 32. Qxc5 a4 {[%csl Ga4] and Black's
passed pawn yields him enough play to keep the balance.}) (29... Qf5 {was
again a worthy alternative as on the previous move.}) 30. Qxe6 {Now I have got
it. The endgame is better for White. The great pawn chain and space
superiority overcompensate for the lack of a pawn.} fxe6 31. Bh3 Kf7 32. Kf2 {
[%csl Gd6,Ge5,Gf4]} g5 $6 {Trying to undermine White's pawn chain, but it
harms only Black. On the other hand it's understandabe that Peter looked for
some activity in such an unpleasant position.} (32... Bh6 33. Ke3 Rf8 ({After} 
33... c4 34. Rd4 {Black's pawn will be lost.}) 34. Ke4 {Here Black's defensive
task will be very difficult. One of the dangerous ideas that White has:
bringing the bishop to c4, then rook to f1 threatening f4-f5. If the Pe6 falls,
that will be it.}) 33. Ke3 Rf8 34. d7 $2 {In time trouble this looked very
tempting to get the rook to d6 and grab the Pe6. In fact it allows Black to
build a safe blockade.} (34. Rg1 $1 {was really strong and actually winning.
It appears that opening the g- and f-files is in White's favour and Black
can't hold his weakness on e6.} h6 (34... gxf4+ 35. Kxf4 Ke8+ 36. Ke4 Bh6 37.
Bxe6 $18) 35. Ke4 c4 (35... Kg6 36. Rf1 $1 $18 {[%csl Re6]}) 36. Rf1 {White
will win the Pe6 and his central connected passed pawns decide the outcome.})
34... Ke7 35. Rd6 gxf4+ 36. Ke4 f3 37. Rxe6+ Kd8 38. Rc6 f2 39. e6 Ke7 40. Rc8
c4 $1 {White's pawns are just a breath away from the promotion, but
unfortunately there are no resources to push for that last step. Black's
blockade is rock-steady.} 41. Rxf8 {There is nothing better than going into
the drawish endgame with opposite coloured bishops.} Bxf8 42. Kd4 a6 $1 {
Not the only way to secure the draw, but the safest. Black just needs to
prevent White's king from penetrating on the queenside.} (42... Bg7+ 43. Kxc4
Be5 44. Kb5 Bxh2 $2 {was the wrong way.} 45. Ka6 Bc7 46. Kb7 Bd8 47. Kxa7 Kf6
48. Kb7 Ke7 49. Kc8 {and then White just moves his bishop from h3 to f1 and
back until Black is out of moves.}) 43. Kxc4 Kd8 44. Bf1 Kc7 45. Kd5 b5 {
This pawn is not needed anymore.} 46. axb5 axb5 47. Bxb5 Be7 48. Ke5 Kd8 49. h3
h6 50. Kf5 Bg5 51. Kg6 Ke7 52. Kf5 Kd8 53. Kg6 Ke7 1/2-1/2